Нефтегазоносность Охотоморского региона; Известия Томского политехнического университета [Известия ТПУ]; Т. 305, вып. 6 : Геология, поиски и разведка полезных ископаемых Сибири
| Parent link: | Известия Томского политехнического университета [Известия ТПУ]/ Томский политехнический университет (ТПУ).— , 2000- Т. 305, вып. 6 : Геология, поиски и разведка полезных ископаемых Сибири.— 2002.— [С. 209-217] |
|---|---|
| প্রধান লেখক: | |
| সংক্ষিপ্ত: | Заглавие с титульного листа Электронная версия печатной публикации В результате картирования нефтегазоматеринских пород (по геотемпературному признаку), зон флюидомиграции, толщ-коллекторов и толщ-флюидоупоров (по геошхотностному признаку) осадочных бассейнов Охотоморского региона установлены особенности режима УВ-систем: степень катагенетической преобразованности органического вещества потенциально материнских пород, распространение зон вероятного нефтегазонакопления и фазовое состояние возможных залежей УВ. |
| ভাষা: | রুশ |
| প্রকাশিত: |
2002
|
| মালা: | Полезные ископаемые, методы их поиска и разведки |
| বিষয়গুলি: | |
| অনলাইন ব্যবহার করুন: | http://www.lib.tpu.ru/fulltext/v/Bulletin_TPU/2002/v305/i6/16.pdf |
| বিন্যাস: | MixedMaterials বৈদ্যুতিক গ্রন্থের অধ্যায় |
| KOHA link: | https://koha.lib.tpu.ru/cgi-bin/koha/opac-detail.pl?biblionumber=165969 |
MARC
| LEADER | 00000nla2a2200000 4500 | ||
|---|---|---|---|
| 001 | 165969 | ||
| 005 | 20231031162039.0 | ||
| 035 | |a (RuTPU)RU\TPU\book\180034 | ||
| 035 | |a RU\TPU\book\180033 | ||
| 090 | |a 165969 | ||
| 100 | |a 20090924d2002 k y0rusy50 ca | ||
| 101 | 0 | |a rus | |
| 102 | |a RU | ||
| 135 | |a drnn ---uucaa | ||
| 181 | 0 | |a i | |
| 182 | 0 | |a b | |
| 200 | 1 | |a Нефтегазоносность Охотоморского региона |b Электронный ресурс |f В. И. Исаев | |
| 203 | |a Текст |c электронный | ||
| 215 | |a 1 файл (7.2 Мб) | ||
| 225 | 1 | |a Полезные ископаемые, методы их поиска и разведки | |
| 230 | |a Электронные текстовые данные (1 файл : 7.2 Мб) | ||
| 300 | |a Заглавие с титульного листа | ||
| 300 | |a Электронная версия печатной публикации | ||
| 320 | |a хБиблиогр.: с. 216-217 (22 назв.)] | ||
| 330 | |a В результате картирования нефтегазоматеринских пород (по геотемпературному признаку), зон флюидомиграции, толщ-коллекторов и толщ-флюидоупоров (по геошхотностному признаку) осадочных бассейнов Охотоморского региона установлены особенности режима УВ-систем: степень катагенетической преобразованности органического вещества потенциально материнских пород, распространение зон вероятного нефтегазонакопления и фазовое состояние возможных залежей УВ. | ||
| 337 | |a Adobe Reader | ||
| 461 | 1 | |0 (RuTPU)RU\TPU\book\176237 |t Известия Томского политехнического университета [Известия ТПУ] |f Томский политехнический университет (ТПУ) |d 2000- | |
| 463 | 1 | |0 (RuTPU)RU\TPU\book\180006 |t Т. 305, вып. 6 : Геология, поиски и разведка полезных ископаемых Сибири |o тематический выпуск |v [С. 209-217] |d 2002 |p 446 с. | |
| 610 | 1 | |a нефтегазоносность | |
| 610 | 1 | |a картирование | |
| 610 | 1 | |a осадочные бассейны | |
| 610 | 1 | |a труды учёных ТПУ | |
| 610 | 1 | |a электронный ресурс | |
| 610 | 1 | |a Сахалин | |
| 610 | 1 | |a Охотоморский регион | |
| 610 | 1 | |a прогнозирование нефтегазоносности | |
| 610 | 1 | |a нефтегазоматеринские породы | |
| 610 | 1 | |a геотемпературные признаки | |
| 610 | 1 | |a геоплотностные признаки | |
| 610 | 1 | |a флюидомиграция | |
| 610 | 1 | |a углеводородные системы | |
| 610 | 1 | |a УВ-системы | |
| 610 | 1 | |a углеводородные залежи | |
| 610 | 1 | |a углеводородное сырье | |
| 610 | 1 | |a нефтегазонакопление | |
| 700 | 1 | |a Исаев |b В. И. |c российский геолог |c профессор Томского политехнического университета, доктор геолого-минералогических наук |f 1952- |g Валерий Иванович |2 stltpush |3 (RuTPU)RU\TPU\pers\24786 | |
| 801 | 1 | |a RU |b 63413507 |c 20090623 |g PSBO | |
| 801 | 2 | |a RU |b 63413507 |c 20210419 |g PSBO | |
| 856 | 4 | |u http://www.lib.tpu.ru/fulltext/v/Bulletin_TPU/2002/v305/i6/16.pdf | |
| 942 | |c CF | ||